TB. OF NEUROBIOLOGY (Record no. 23780)
[ view plain ]
| 000 -LEADER | |
|---|---|
| fixed length control field | 00378nam a22001697a 4500 |
| 003 - CONTROL NUMBER IDENTIFIER | |
| control field | SGT |
| 020 ## - INTERNATIONAL STANDARD BOOK NUMBER | |
| International Standard Book Number | 978930455553 |
| 082 ## - DEWEY DECIMAL CLASSIFICATION NUMBER | |
| Classification number | 612.8 |
| Item number | N21S |
| 100 ## - MAIN ENTRY--PERSONAL NAME | |
| Personal name | SHARMA, DEEPAK |
| 245 ## - TITLE STATEMENT | |
| Title | TB. OF NEUROBIOLOGY |
| 250 ## - EDITION STATEMENT | |
| Edition statement | 1ST |
| 260 ## - PUBLICATION, DISTRIBUTION, ETC. (IMPRINT) | |
| Place of publication, distribution, etc | INDIA |
| Name of publisher, distributor, etc | DREAMTECH PRESS PUB |
| Year of Publication | 2021 |
| 300 ## - PAGE DESCRIPTION | |
| No. of Pages | 379 |
| 650 ## - SUBJECT ADDED ENTRY--TOPICAL TERM | |
| Topical term or geographic name as entry element | HUMAN PHYSIOLOGY |
| 653 ## - KEYWORDS--INDEX TERM | |
| Keyword term | NEUROBIOLOGY |
| 942 ## - ADDED ENTRY ELEMENTS (KOHA) | |
| Source of classification or shelving scheme | Dewey Decimal Classification |
| Koha item type | Books |
| 942 ## - ADDED ENTRY ELEMENTS (KOHA) | |
| -- | 14 |
| Withdrawn status | Lost status | Source of classification or shelving scheme | Damaged status | Not for loan | Collection code | Home library | Current library | Shelving location | Date acquired | Vendor Name | Cost, normal purchase price | SGTU | Bill Number | Total Checkouts | Total Renewals | Full call number | Accession No. (Barcode) | Checked out | Date last seen | Date last borrowed | Bill Date | Koha item type |
|---|---|---|---|---|---|---|---|---|---|---|---|---|---|---|---|---|---|---|---|---|---|---|
| Dewey Decimal Classification | MEDICAL | SGT Medical Library | SGT Medical Library | Text Book | 08/02/2023 | ABC DELHI | 695.00 | SGTU | 15633 | 19 | 2 | 612.8 N21S | FM13779 | 04/05/2026 | 20/04/2026 | 20/04/2026 | 02/01/2023 | Books | ||||
| Dewey Decimal Classification | MEDICAL | SGT Medical Library | SGT Medical Library | Text Book | 08/02/2023 | ABC DELHI | 695.00 | SGTU | 15633 | 15 | 612.8 N21S | FM13780 | 29/06/2026 | 30/05/2026 | 30/05/2026 | 02/01/2023 | Books | |||||
| Dewey Decimal Classification | MEDICAL | SGT Medical Library | SGT Medical Library | Text Book | 08/02/2023 | ABC DELHI | 695.00 | SGTU | 15633 | 2 | 612.8 N21S | FM13781 | 30/05/2025 | 29/03/2025 | 02/01/2023 | Books |